000 00417nam a2200181Ia 4500
001 10859
005 20260306161903.0
008 260306t2010||||xx |||||||||||||| ||spa||
041 _aESP
082 _a980
_bB38
100 _aBelaúnde, Víctor Andrés
_eAUT
245 0 _aHispanoamérica
260 _c2010
300 _a191 páginas :
_c22 cm.
650 _aGEN
654 _aCHU
942 _cLIB
_dJUS
_fJUS
_2ddc
_n
999 _c10859
_d10859